000 00298nam a2200133Ia 4500
008 221030s9999 xx 000 0 und d
041 _aEnglish
082 _a105.23
100 _aS. Radhakrishnan
245 4 _aThe Bhagavad Gita
_cby S. Radhakrishnan
260 _c0
650 _aB
942 _cBK
999 _c12888
_d12888